000 01058nam a2200337 i 4500
001 bg
003 BPK
005 20211124134010.0
008 021113s2002 pl a f f |001 0 pol
015 _aPB 2002/18432
020 _a8371435487
040 _aWA N
_cBPK
041 0 _apol
080 _a004.421
080 _a519.1
080 _a510.5
080 _a(075.8)
100 1 _aBalińska, Krystyna Teresa
_eAutor
245 1 0 _aProjektowanie algorytmów grafowych /
_cKrystyna Balińska, Krzysztof T. Zwierzyński.
260 _aPoznań :
_bWydaw. Politechniki Poznańskiej,
_c2002.
300 _a151 s. :
_bil. ;
_c24 cm.
504 _aBibliogr. Indeks.
655 4 _aPodręczniki akademickie
650 4 _aGrafy
650 4 _aAlgorytmy
650 4 _aKombinatoryka
700 1 _aZwierzyński, Krzysztof T.
710 2 _aPolitechnika Poznańska.
_bWydawnictwo
_4pbl.
856 4 1 _uhttp://koha.tu.koszalin.pl/cgi-bin/koha/opac-detail.pl?biblionumber=43052
_yKatalog online BPK
942 _2UKD
_cKS
999 _c43052
_d43052